[Event "Ruhrgebiet Verbandsklasse Gruppe 2 1617"]
[Site "Germany"]
[Date "2016.11.27"]
[Round "4.8"]
[White "Meyer, Sebastian"]
[Black "Goedicke, Oliver"]
[Result "0-1"]
[WhiteElo "1626"]
[BlackElo "1595"]
[PlyCount "48"]
[EventDate "2016.09.04"]
[EventType "team-tourn"]
[EventRounds "9"]
[EventCountry "GER"]
[SourceTitle "EXT 2022"]
[Source "ChessBase"]
[SourceDate "2021.10.06"]
[SourceVersion "1"]
[SourceVersionDate "2021.10.06"]
[SourceQuality "1"]
[WhiteTeam "Schueren"]
[BlackTeam "Ruettenscheid Rochade"]
[WhiteTeamCountry "GER"]
[BlackTeamCountry "GER"]

1. d4 Nf6 2. c4 e6 3. Nc3 d5 4. e3 Be7 5. Nf3 0-0 6. Be2 dxc4 7. Bxc4 Nbd7 8. 0-0 b6 9. Be2 Bb7 10. b3 c5 11. Bb2 cxd4 12. Nxd4 Nc5 13. Bf3 Nd5 14. Nxd5 Bxd5 15. Bxd5 Qxd5 16. Qe2 Rac8 17. Rfd1 Qb7 18. Nb5 Rfd8 19. Qg4 g6 20. Rxd8+ Rxd8 21. Rd1 Nd3 22. Ba1 Rd5 23. Qe4 Nxf2 24. Kxf2 Rf5+ 0-1